[Event "Oebro CXU Nytaar 2024"]
[Site "Copenhagen"]
[Date "2024.12.28"]
[Round "4.4"]
[White "Nilssen, John Arni"]
[Black "Terryn, Ezra"]
[Result "1-0"]
[WhiteElo "2330"]
[BlackElo "2236"]
[WhiteFideId "7200137"]
[BlackFideId "233196"]
[EventDate "2024.12.27"]
[EventType "swiss"]
[EventRounds "7"]
[EventCountry "DEN"]
[SourceTitle "Live v. Obro Skakforening"]

1. c4 c6 2. e3 d5 3. b3 Nf6 4. Nf3 e6 5. Bb2 Nbd7 6. Be2 Bd6 7. Qc2 O-O 8. d4 b6 9. cxd5 cxd5 10. Qc6 Bb4+ 11. Bc3 Bxc3+ 12. Nxc3 Rb8 13. O-O Rb7 14. Qa4 Nb8 15. Rac1 Qd6 16. Nb5 Qe7 17. Qa3 Qxa3 18. Nxa3 Bd7 19. Ne5 Rd8 20. Rc2 Kf8 21. Rfc1 Ke7 22. f3 Ne8 23. Bd3 g6 24. e4 Nd6 25. Nxd7 Kxd7 26. e5 Ne8 27. Bb5+ Ke7 28. Bxe8 Kxe8 29. Nb5 Rbd7 30. Nd6+ Ke7 31. Kf2 f6 32. f4 fxe5 33. fxe5 Na6 34. a3 Rf8+ 35. Ke3 Kd8 36. Rc8+ Ke7 37. Rxf8 Kxf8 38. Rc8+ Kg7 39. b4 Kh6 40. b5 Nc7 41. Rb8 Rg7 42. a4 Kg5 43. Rb7 Ne8 44. Nf7+ Kh5 45. Rxa7 g5 46. Re7 Rg8 47. Rxe6 Rf8 48. Rh6+ Kg4 49. Rxh7 Kf5 50. Nd6+ Nxd6 51. exd6 Rd8 52. Rh6 Rd7 53. h3 g4 54. h4 g3 55. Kf3 Rxd6 56. Rh5+ Ke6 57. Rh6+ Kf5 58. Rh5+ Ke6 59. Kxg3 Rd8 60. Kf3 Rf8+ 61. Ke3 Rg8 62. Rg5 Ra8 63. g4 1-0

[Event "Oebro CXU Nytaar 2024"]
[Site "Copenhagen"]
[Date "2024.12.28"]
[Round "4.5"]
[White "Thorsbro, Peter"]
[Black "Ramsdal, Jens Albert"]
[Result "0-1"]
[WhiteElo "2139"]
[BlackElo "2299"]
[WhiteFideId "1406671"]
[BlackFideId "1429221"]
[EventDate "2024.12.27"]
[EventType "swiss"]
[EventRounds "7"]
[EventCountry "DEN"]
[SourceTitle "Live v. Obro Skakforening"]

1. d4 d5 2. c4 e6 3. Nc3 Nf6 4. cxd5 exd5 5. Bg5 c6 6. e3 Bd6 7. Qc2 O-O 8. Bd3 h6 9. Bh4 Re8 10. Nge2 a5 11. O-O Bxh2+ 12. Kxh2 Ng4+ 13. Kg3 g5 14. Bf5 gxh4+ 15. Kh3 Re4 16. Bxg4 Rxg4 17. Kh2 h3 18. g3 Rg5 19. Nf4 Bf5 20. Qe2 Qd6 21. Rg1 Nd7 22. g4 Be6 23. Rg3 Nf6 24. Rag1 b5 25. f3 Re8 26. Qd3 Bc8 27. Nxh3 Rg7 28. Nf4 Qe7 29. Nd1 Kf8 30. Rh3 Qd6 31. Kg2 Ng8 32. Kf2 Ke7 33. Rh5 Kd8 34. Nc3 Nf6 35. Rh3 Rg5 36. Rgh1 Rh8 37. Nce2 Bxg4 38. fxg4 Rxg4 39. Qa3 Qc7 40. Rxh6 Rxh6 41. Rxh6 b4 42. Qd3 Rxf4+ 43. Ke1 Rf3 44. Nf4 Ng8 45. Rh8 Qxf4 46. Rxg8+ Kd7 47. exf4 Rxd3 48. Rf8 Rxd4 49. Rxf7+ Kd6 50. Rf6+ Kc5 51. f5 Rf4 52. Rf8 Kd4 53. f6 c5 54. f7 c4 55. Kd2 a4 56. Rb8 Rxf7 57. Rxb4 a3 58. b3 Rf2+ 59. Kd1 Kd3 60. Ke1 Re2+ 61. Kd1 Rxa2 0-1

[Event "Oebro CXU Nytaar 2024"]
[Site "Copenhagen"]
[Date "2024.12.28"]
[Round "4.6"]
[White "Porte, Henrik"]
[Black "Hagen, Andreas Skytte"]
[Result "1-0"]
[WhiteElo "2096"]
[BlackElo "2334"]
[WhiteFideId "1016326"]
[BlackFideId "1407341"]
[EventDate "2024.12.27"]
[EventType "swiss"]
[EventRounds "7"]
[EventCountry "DEN"]
[SourceTitle "Live v. Obro Skakforening"]

1. d4 Nf6 2. c4 g6 3. Nc3 Bg7 4. e4 d6 5. Nf3 O-O 6. Be2 e5 7. O-O Nc6 8. d5 Ne7 9. b4 Ne8 10. Re1 h6 11. c5 f5 12. Ba3 fxe4 13. Nxe4 Bf5 14. cxd6 Bxe4 15. dxe7 Qxe7 16. Bc4 Nd6 17. Rxe4 1-0

[Event "Oebro CXU Nytaar 2024"]
[Site "Copenhagen"]
[Date "2024.12.28"]
[Round "4.7"]
[White "Thuesen, Mogens Henrik"]
[Black "Loftgaard, Mikkel Vinh"]
[Result "1/2-1/2"]
[WhiteElo "2193"]
[BlackElo "2221"]
[WhiteFideId "1400878"]
[BlackFideId "1468480"]
[EventDate "2024.12.27"]
[EventType "swiss"]
[EventRounds "7"]
[EventCountry "DEN"]
[SourceTitle "Live v. Obro Skakforening"]

1. d4 Nf6 2. Nf3 d5 3. c4 e6 4. Nc3 Bb4 5. e3 O-O 6. Bd3 dxc4 7. Bxc4 c5 8. O-O b6 9. Qe2 Bxc3 10. bxc3 Qc7 11. Bb2 Bb7 12. Rac1 Nc6 13. Bd3 e5 14. Nxe5 Nxe5 15. dxe5 Qxe5 16. c4 Qg5 17. f4 Qh6 18. e4 Rfe8 19. e5 Rad8 20. Bb1 Nh5 21. Qf2 Qc6 22. Rc2 f5 23. Re2 g6 24. Qh4 Qe6 25. Bc2 Ng7 26. Ba4 Rf8 27. Rd1 Rxd1+ 28. Bxd1 Qd7 29. Bc2 Ne6 30. Bc3 Nd4 31. Rd2 Qc6 32. Bd1 Qe4 33. Qf2 Rd8 34. Bc2 Qc6 35. Kf1 Ba6 36. Bb3 Qe6 37. Bxd4 Bxc4+ 38. Ke1 Bxb3 39. axb3 cxd4 40. Rxd4 Rxd4 1/2-1/2

[Event "Oebro CXU Nytaar 2024"]
[Site "Copenhagen"]
[Date "2024.12.28"]
[Round "4.8"]
[White "Gronnemose, Freja Egelund"]
[Black "Hansen, Soren Bech"]
[Result "1/2-1/2"]
[WhiteElo "1956"]
[BlackElo "2256"]
[WhiteFideId "1474456"]
[BlackFideId "1400681"]
[EventDate "2024.12.27"]
[EventType "swiss"]
[EventRounds "7"]
[EventCountry "DEN"]
[SourceTitle "Live v. Obro Skakforening"]

1. e4 d5 2. d4 dxe4 3. f3 e5 4. Be3 exd4 5. Bxd4 Nc6 6. Bb5 Bd7 7. Nc3 Nxd4 8. Qxd4 Bxb5 9. Qxe4+ Qe7 10. Nxb5 Qxe4+ 11. fxe4 Bb4+ 12. c3 Ba5 13. O-O-O a6 14. Nd4 Ne7 15. Nf5 g6 16. Ne3 Bb6 17. Nc4 Ba7 18. Nf3 Nc6 19. a4 Ke7 20. b4 Rad8 21. Rd5 f6 22. Kc2 Rd7 23. a5 Rxd5 24. exd5 Nd8 25. Re1+ Kd7 26. g4 Re8 27. Rxe8 Kxe8 28. Ncd2 Ke7 29. Kd3 c6 30. Ke4 Nf7 31. dxc6 bxc6 32. Nc4 Nd6+ 33. Nxd6 Kxd6 34. Nd2 Bf2 35. c4 Ke6 36. Nf3 Kd6 37. Kd3 Ba7 38. h4 Bf2 39. Ke4 Ke6 40. h5 Kd6 41. Kd3 Kd7 42. Ke4 Ke6 43. h6 Kd6 44. Kd3 Kd7 45. Ke4 Bg3 46. Nd4 Be1 47. b5 cxb5 48. cxb5 axb5 49. a6 Kc7 50. a7 Kb7 51. Nxb5 Bd2 52. Nd6+ Kxa7 53. Nf7 Kb6 54. Kd5 Kc7 55. Ke6 f5 56. gxf5 gxf5 57. Kxf5 Bxh6 58. Nxh6 Kb6 1/2-1/2

[Event "Oebro CXU Nytaar 2024"]
[Site "Copenhagen"]
[Date "2024.12.28"]
[Round "4.9"]
[White "Li, Anna Sofie"]
[Black "Bank, Pelle Rodkjaer"]
[Result "0-1"]
[WhiteElo "2073"]
[BlackElo "2269"]
[WhiteFideId "1472119"]
[BlackFideId "1402889"]
[EventDate "2024.12.27"]
[EventType "swiss"]
[EventRounds "7"]
[EventCountry "DEN"]
[SourceTitle "Live v. Obro Skakforening"]

1. e4 g6 2. d4 Bg7 3. Nf3 d6 4. Bd3 Nc6 5. c3 e5 6. d5 Nce7 7. O-O h6 8. h3 Nf6 9. Be3 Nh5 10. c4 Nf4 11. Nc3 g5 12. Nh2 Neg6 13. Be2 h5 14. b4 g4 15. c5 gxh3 16. g3 Nxe2+ 17. Qxe2 f5 18. cxd6 cxd6 19. exf5 Bxf5 20. Rac1 a6 21. Na4 b5 22. Bb6 Qf6 23. Nc3 Nf4 24. Qe3 Qg6 25. Kh1 Bh6 26. Qf3 Nd3 27. Rb1 Rc8 28. Rb3 Bd2 29. Qe2 Bxc3 30. Nf3 Nf4 31. Qd1 Bc2 0-1

[Event "Oebro CXU Nytaar 2024"]
[Site "Copenhagen"]
[Date "2024.12.28"]
[Round "4.10"]
[White "Zander, Emil"]
[Black "Gregor, Bjarke"]
[Result "1-0"]
[WhiteElo "2214"]
[BlackElo "2094"]
[WhiteFideId "1467123"]
[BlackFideId "1423401"]
[EventDate "2024.12.27"]
[EventType "swiss"]
[EventRounds "7"]
[EventCountry "DEN"]
[SourceTitle "Live v. Obro Skakforening"]

1. e4 c6 2. d4 d5 3. e5 Bf5 4. Nf3 e6 5. Be2 Nd7 6. O-O Ne7 7. c3 h6 8. Na3 g5 9. Nc2 Qc7 10. a4 Bg6 11. a5 Nf5 12. Ne3 Be7 13. Bd3 Nxe3 14. Bxe3 Bh5 15. a6 b6 16. Be2 c5 17. c4 dxc4 18. d5 exd5 19. Qxd5 O-O 20. e6 Nf6 21. Qxc4 Ng4 22. exf7+ Rxf7 23. Qe4 Rxf3 24. g3 Rff8 25. Bxg4 Bxg4 26. Qxg4 Qe5 27. Qc4+ Kh8 28. b4 Rac8 29. Rad1 Bf6 30. bxc5 bxc5 31. Rd7 Qc3 32. Qe4 Bg7 33. Rfd1 Qf6 34. R1d6 Qf5 35. Qe7 Qb1+ 36. Kg2 Rg8 37. Qe6 Qh7 38. Rxa7 Rce8 39. Re7 Rxe7 40. Qxe7 Qf5 41. a7 g4 42. Rd8 Qf3+ 43. Kg1 Kh7 44. a8=Q 1-0

[Event "Oebro CXU Nytaar 2024"]
[Site "Copenhagen"]
[Date "2024.12.28"]
[Round "4.11"]
[White "Skou, Niels"]
[Black "Brorsen, Jacob Abildlund"]
[Result "0-1"]
[WhiteElo "2073"]
[BlackElo "2114"]
[WhiteFideId "1413155"]
[BlackFideId "1411233"]
[EventDate "2024.12.27"]
[EventType "swiss"]
[EventRounds "7"]
[EventCountry "DEN"]
[SourceTitle "Live v. Obro Skakforening"]

1. d4 d5 2. c4 e6 3. Nc3 Bb4 4. Qa4+ Nc6 5. cxd5 exd5 6. Nf3 Nf6 7. Bg5 h6 8. Bh4 g5 9. Bg3 Bd7 10. Qd1 Ne4 11. Rc1 h5 12. h3 Nxg3 13. fxg3 Be6 14. Qd2 f6 15. e3 Ne7 16. Bd3 Bd6 17. Ne2 Qd7 18. a3 O-O-O 19. Qa5 Kb8 20. Kf2 Bf5 21. Qc3 Qe6 22. Nd2 Rde8 23. Nf1 Be4 24. Bxe4 Qxe4 25. Qc2 Qe6 26. Qd3 Nf5 27. Rc3 Re7 28. Rb3 c5 29. Rc3 c4 30. Qc2 Bc7 31. b4 Nd6 0-1

[Event "Oebro CXU Nytaar 2024"]
[Site "Copenhagen"]
[Date "2024.12.28"]
[Round "4.12"]
[White "Medhus, Vitus Bondo"]
[Black "Kakulidis, Ellen"]
[Result "1/2-1/2"]
[WhiteElo "2275"]
[BlackElo "2037"]
[WhiteFideId "1462547"]
[BlackFideId "1444972"]
[EventDate "2024.12.27"]
[EventType "swiss"]
[EventRounds "7"]
[EventCountry "DEN"]
[SourceTitle "Live v. Obro Skakforening"]

1. e4 e5 2. Nf3 Nc6 3. d4 exd4 4. Bc4 Nf6 5. e5 d5 6. Bb5 Nd7 7. O-O Be7 8. Nxd4 Ncxe5 9. f4 Nc4 10. Nf5 Bc5+ 11. Kh1 O-O 12. Qxd5 Ncb6 13. Qf3 Nf6 14. Be3 Bxe3 15. Nxe3 c6 16. Bd3 Na4 17. b3 Qd4 18. Na3 Nc5 19. Rad1 Nxd3 20. Rxd3 Qc5 21. Nac4 Be6 22. Rfd1 Bd5 23. Nxd5 Nxd5 24. c3 Rfe8 25. h3 h6 26. Rd4 a5 27. a3 Qe7 28. Ne5 Qxa3 29. c4 Nf6 30. Rd6 Re6 31. Rxe6 fxe6 32. Ng4 Nxg4 33. Qxg4 Qe7 34. Re1 Re8 35. Qh5 Qf7 36. Qe5 Qf6 37. Qd6 Qf7 38. Qe5 Qf6 39. Qh5 Qf7 40. Qg4 Qf6 41. Re5 b6 42. Qf3 Rd8 43. Qe4 Rd6 44. Kh2 Qf7 45. c5 bxc5 46. Rxc5 Rd5 47. Rxc6 Qf5 48. Qc4 Kh7 49. Rc7 Qd3 50. Qc6 Qe4 51. Rf7 Qg6 52. Re7 Rd3 53. Kg1 1/2-1/2

[Event "Oebro CXU Nytaar 2024"]
[Site "Copenhagen"]
[Date "2024.12.28"]
[Round "4.13"]
[White "Petersen, Nils"]
[Black "Meskenas, Paulius"]
[Result "0-1"]
[WhiteElo "1934"]
[BlackElo "2203"]
[WhiteFideId "1403346"]
[BlackFideId "12809969"]
[EventDate "2024.12.27"]
[EventType "swiss"]
[EventRounds "7"]
[EventCountry "DEN"]
[SourceTitle "Live v. Obro Skakforening"]

1. c4 Nf6 2. g3 e5 3. Bg2 c6 4. d4 e4 5. Nc3 d5 6. Bg5 Nbd7 7. cxd5 cxd5 8. Nh3 h6 9. Bxf6 Nxf6 10. O-O Bd7 11. e3 g5 12. f4 Bd6 13. Nf2 gxf4 14. exf4 h5 15. Bh3 Qb6 16. Bxd7+ Kxd7 17. Na4 Qb5 18. Qb3 Qxb3 19. axb3 Rag8 20. Nh3 h4 21. Kg2 hxg3 22. hxg3 Nh5 23. Ng5 Nxg3 24. Kxg3 Rxg5+ 25. Kf2 Rh2+ 26. Ke1 Bb4+ 27. Kd1 e3 28. Re1 Bxe1 29. Nc5+ Ke8 30. fxg5 Bh4 0-1

[Event "Oebro CXU Nytaar 2024"]
[Site "Copenhagen"]
[Date "2024.12.28"]
[Round "4.14"]
[White "Petersen, Poul Erik"]
[Black "Jalving, August"]
[Result "0-1"]
[WhiteElo "1914"]
[BlackElo "2178"]
[WhiteFideId "1440667"]
[BlackFideId "1471759"]
[EventDate "2024.12.27"]
[EventType "swiss"]
[EventRounds "7"]
[EventCountry "DEN"]
[SourceTitle "Live v. Obro Skakforening"]

1. e4 c5 2. Nf3 d6 3. d4 cxd4 4. Nxd4 Nf6 5. Nc3 a6 6. Be2 e5 7. Nb3 Be7 8. O-O O-O 9. Be3 Be6 10. f3 Nbd7 11. Qe1 Qc7 12. Qf2 b5 13. a3 Rab8 14. Nd2 Nb6 15. Kh1 d5 16. Bxb6 Rxb6 17. exd5 Nxd5 18. Nxd5 Bxd5 19. Bd3 f5 20. Qe2 Rh6 21. h3 Rh4 22. a4 bxa4 23. c4 Bc6 24. Bc2 Rb8 25. Rfb1 Qd7 26. Qxe5 Rf8 27. Re1 Qxd2 28. Re2 Rxh3+ 29. Kg1 Qxe2 0-1

[Event "Oebro CXU Nytaar 2024"]
[Site "Copenhagen"]
[Date "2024.12.28"]
[Round "4.15"]
[White "Rasmussen, Morten"]
[Black "Moe, Mogens"]
[Result "0-1"]
[WhiteElo "1904"]
[BlackElo "2130"]
[WhiteFideId "1410865"]
[BlackFideId "1400550"]
[EventDate "2024.12.27"]
[EventType "swiss"]
[EventRounds "7"]
[EventCountry "DEN"]
[SourceTitle "Live v. Obro Skakforening"]

1. c4 Nf6 2. Nc3 g6 3. g3 Bg7 4. Bg2 e5 5. e4 O-O 6. Nge2 Nc6 7. O-O d6 8. d3 Be6 9. h3 Qd7 10. Kh2 a6 11. Nd5 b5 12. Bg5 Bxd5 13. cxd5 Ne7 14. Qd2 c6 15. dxc6 Nxc6 16. f3 Rfc8 17. h4 Qb7 18. Bh3 Rc7 19. Be3 b4 20. Rac1 d5 21. Bf2 Rd8 22. Qc2 Ne8 23. Qb3 dxe4 24. dxe4 Qb5 25. Nc3 bxc3 26. Qxb5 axb5 27. Bb6 Rd2+ 28. Kg1 cxb2 29. Rc3 b4 30. Rc4 Nd4 31. Bxc7 Nxf3+ 0-1

[Event "Oebro CXU Nytaar 2024"]
[Site "Copenhagen"]
[Date "2024.12.28"]
[Round "4.16"]
[White "Jarlskov, Daniel Tuk Hartso"]
[Black "Ramsdal, Mikkel"]
[Result "1-0"]
[WhiteElo "2100"]
[BlackElo "1920"]
[BlackFideId "1438484"]
[EventDate "2024.12.27"]
[EventType "swiss"]
[EventRounds "7"]
[EventCountry "DEN"]
[SourceTitle "Live v. Obro Skakforening"]

1. d4 d5 2. c4 e6 3. Nf3 Nf6 4. g3 Be7 5. Bg2 c6 6. O-O O-O 7. Nc3 Nbd7 8. Re1 dxc4 9. a4 c5 10. a5 Nd5 11. Qa4 cxd4 12. Nxd4 Bb4 13. Qb5 a6 14. Qxc4 Ne5 15. Qb3 Bxa5 16. Rd1 Bxc3 17. bxc3 Qf6 18. c4 Ne7 19. Bb2 N7g6 20. Nb5 Qf5 21. Nc7 Rb8 22. Ba3 b5 23. Bxf8 Nxf8 24. cxb5 axb5 25. Rd8 Qf6 26. Rad1 Qe7 27. Na6 Ra8 28. Bxa8 1-0

[Event "Oebro CXU Nytaar 2024"]
[Site "Copenhagen"]
[Date "2024.12.28"]
[Round "4.17"]
[White "Lodahl, Holger Ronnow"]
[Black "Rosenlund, Thorbjorn"]
[Result "0-1"]
[WhiteElo "1880"]
[BlackElo "2120"]
[WhiteFideId "1427342"]
[BlackFideId "1400614"]
[EventDate "2024.12.27"]
[EventType "swiss"]
[EventRounds "7"]
[EventCountry "DEN"]
[SourceTitle "Live v. Obro Skakforening"]

1. g3 c5 2. Bg2 Nc6 3. d3 g6 4. Nd2 Bg7 5. e3 d5 6. h3 e5 7. Ne2 Nge7 8. a3 O-O 9. O-O f5 10. c4 dxc4 11. dxc4 Be6 12. Qc2 Bf7 13. Rd1 Qe8 14. Rb1 g5 15. b4 Bh5 16. Nf1 cxb4 17. axb4 e4 18. g4 fxg4 19. hxg4 Bxg4 20. Nfg3 Ne5 21. Qxe4 Qf7 22. f4 gxf4 23. exf4 Nxc4 24. Rd4 Bxd4+ 25. Nxd4 Nd6 26. Qe5 Qf6 27. Rb3 Qxe5 28. fxe5 Nc4 29. Bg5 Rfd8 30. Bxe7 Rxd4 31. Bc5 Rd1+ 32. Bf1 b6 33. Be7 Re8 34. Rc3 Nxe5 35. Rc7 Rd7 36. Bc4+ Nxc4 37. Rxd7 Bxd7 38. Bf6 Kf7 39. Bd4 Re1+ 40. Kf2 Rb1 0-1

[Event "Oebro CXU Nytaar 2024"]
[Site "Copenhagen"]
[Date "2024.12.28"]
[Round "4.18"]
[White "Slavensky, Asbjorn Vesterkaer"]
[Black "Saravana, Vedant Kumar"]
[Result "0-1"]
[WhiteElo "2051"]
[BlackElo "2021"]
[BlackFideId "45059730"]
[EventDate "2024.12.27"]
[EventType "swiss"]
[EventRounds "7"]
[EventCountry "DEN"]
[SourceTitle "Live v. Obro Skakforening"]

1. d4 d5 2. c4 c6 3. Nf3 Nf6 4. Nc3 e6 5. Bg5 Nbd7 6. e3 Qa5 7. cxd5 Nxd5 8. Qd2 Bb4 9. Rc1 Nxc3 10. bxc3 Ba3 11. Rb1 b6 12. Bd3 Ba6 13. c4 Qxd2+ 14. Nxd2 Be7 15. Bf4 O-O 16. O-O Rac8 17. Rb3 Rfd8 18. Nf3 f6 19. Bg3 e5 20. Rc1 Bd6 21. Bf5 Rc7 22. h3 Re8 23. c5 bxc5 24. dxc5 Nxc5 25. Rbc3 g6 26. Bb1 Rb8 27. a3 Kf8 28. Nd4 Ke7 29. Ba2 exd4 30. Rxc5 Bxg3 31. fxg3 dxe3 32. Bc4 Bxc4 33. R5xc4 Rb3 34. a4 f5 35. Kf1 Kd6 36. Ke2 Kd5 37. Rc5+ Kd6 38. R5c4 c5 39. Kf3 Kd5 40. R4c3 Rxc3 41. Rxc3 Kd4 42. Rxe3 c4 43. Ke2 Rc5 44. Re7 Re5+ 45. Rxe5 Kxe5 46. Kd2 Kd4 47. Kc2 c3 48. g4 f4 0-1

[Event "Oebro CXU Nytaar 2024"]
[Site "Copenhagen"]
[Date "2024.12.28"]
[Round "4.19"]
[White "Veiergang, Oscar Jacob"]
[Black "Andries, Leia"]
[Result "1-0"]
[WhiteElo "2170"]
[BlackElo "1914"]
[WhiteFideId "1470183"]
[BlackFideId "1469207"]
[EventDate "2024.12.27"]
[EventType "swiss"]
[EventRounds "7"]
[EventCountry "DEN"]
[SourceTitle "Live v. Obro Skakforening"]

1. e4 c5 2. Nf3 Nc6 3. d4 cxd4 4. Nxd4 Nf6 5. Nc3 e6 6. Nxc6 bxc6 7. e5 Nd5 8. Ne4 Qc7 9. f4 Qb6 10. c4 Bb4+ 11. Ke2 f5 12. exf6 Nxf6 13. Be3 Qd8 14. Nd6+ Bxd6 15. Qxd6 Bb7 16. Kd1 Qe7 17. Qxe7+ Kxe7 18. Bd3 d6 19. h3 c5 20. Rg1 h5 21. Kc2 Rab8 22. Rae1 Kf7 23. b3 Bc6 24. Bd2 Rbe8 25. Bc3 d5 26. g3 d4 27. Bd2 g6 28. Re5 Nd7 29. Rg5 Rhg8 30. g4 hxg4 31. R1xg4 Nf6 32. Rg1 Ne4 33. Re5 Nf2 34. Rxc5 Rc8 35. Ra5 Rc7 36. h4 Be4 37. Bxe4 Nxe4 38. Re5 Nd6 39. h5 gxh5 40. Rxg8 Kxg8 41. Rxh5 Nf5 42. Kd3 Kg7 43. b4 Kg6 44. Rh3 1-0

[Event "Oebro CXU Nytaar 2024"]
[Site "Copenhagen"]
[Date "2024.12.28"]
[Round "4.20"]
[White "Ramsdal, Lasse Andreas"]
[Black "Andries, Alf"]
[Result "1-0"]
[WhiteElo "1862"]
[BlackElo "2164"]
[WhiteFideId "1440675"]
[BlackFideId "1463373"]
[EventDate "2024.12.27"]
[EventType "swiss"]
[EventRounds "7"]
[EventCountry "DEN"]
[SourceTitle "Live v. Obro Skakforening"]

1. d4 Nf6 2. c4 e6 3. Nf3 Bb4+ 4. Bd2 Qe7 5. g3 Bxd2+ 6. Nbxd2 d6 7. Bg2 O-O 8. O-O e5 9. dxe5 dxe5 10. e3 h6 11. Qc2 Nc6 12. Ne4 Nxe4 13. Qxe4 f5 14. Qh4 Qf7 15. b3 Be6 16. Rad1 Rad8 17. Rxd8 Rxd8 18. Nxe5 Qe8 19. Nxc6 bxc6 20. Bxc6 Qf8 21. Qf4 Qc5 22. Bg2 Rd2 23. e4 Rxa2 24. exf5 Qxf5 25. Qxc7 a5 26. Qc6 Rb2 27. Be4 Qf7 28. Qa8+ Qf8 29. Bh7+ Kf7 30. Qa7+ Ke8 31. Bg6+ Kd8 32. Rd1+ 1-0

[Event "Oebro CXU Nytaar 2024"]
[Site "Copenhagen"]
[Date "2024.12.29"]
[Round "5.1"]
[White "Heimisson, Hilmir Freyr"]
[Black "Hector, Jonny"]
[Result "1-0"]
[WhiteElo "2403"]
[BlackElo "2443"]
[WhiteFideId "2309998"]
[BlackFideId "1700090"]
[EventDate "2024.12.27"]
[EventType "swiss"]
[EventRounds "7"]
[EventCountry "DEN"]
[SourceTitle "Live v. Obro Skakforening"]

1. c4 e5 2. Nc3 Bb4 3. Nd5 a5 4. Nf3 e4 5. Ng5 c6 6. Nxb4 Qxg5 7. Nc2 Qg6 8. d3 Nf6 9. dxe4 Qxe4 10. b3 d5 11. f3 Qe5 12. cxd5 cxd5 13. Qd4 Qf5 14. Qe3+ Kd8 15. Ba3 Qe6 16. Qd2 Nc6 17. e4 Bd7 18. Be2 dxe4 19. O-O Re8 20. Bc5 Ne5 21. Nd4 Qd5 22. Bb6+ Ke7 23. fxe4 Qxe4 24. Bc5+ Kd8 25. Bb6+ Kc8 26. Rac1+ Bc6 27. Nxc6 Nxc6 28. Rfd1 Qe7 29. a3 h5 30. b4 axb4 31. axb4 Nd7 32. Bf2 Nf6 33. Bd3 Qe6 34. b5 Ra2 35. Bc4 1-0

[Event "Oebro CXU Nytaar 2024"]
[Site "Copenhagen"]
[Date "2024.12.29"]
[Round "5.2"]
[White "Ramsdal, Jens Albert"]
[Black "Reimanis, Ritvars"]
[Result "0-1"]
[WhiteElo "2299"]
[BlackElo "2339"]
[WhiteFideId "1429221"]
[BlackFideId "11602988"]
[EventDate "2024.12.27"]
[EventType "swiss"]
[EventRounds "7"]
[EventCountry "DEN"]
[SourceTitle "Live v. Obro Skakforening"]

1. Nf3 Nf6 2. c4 e6 3. e3 d5 4. b3 Nbd7 5. Bb2 a5 6. Nc3 c6 7. Qc2 Bd6 8. d4 O-O 9. Be2 Re8 10. O-O dxc4 11. bxc4 e5 12. d5 e4 13. Nd4 Qc7 14. g3 Nc5 15. Rfd1 Bd7 16. Rd2 Bf8 17. Rad1 Qc8 18. Nb3 cxd5 19. Nxc5 Bxc5 20. cxd5 Qd8 21. a3 Rc8 22. Qb3 Ng4 23. Nb5 Qg5 24. h4 Qh6 25. Rc1 a4 26. Qxa4 Nxf2 27. Bd4 Ra8 28. Qxa8 Rxa8 29. Rxc5 Nd3 30. Bxd3 exd3 31. Rxd3 b6 32. Rc6 Bxc6 33. dxc6 Qxc6 34. Rb3 Qc1+ 0-1

[Event "Oebro CXU Nytaar 2024"]
[Site "Copenhagen"]
[Date "2024.12.29"]
[Round "5.3"]
[White "Ochsner, Bjorn Moller"]
[Black "Nilssen, John Arni"]
[Result "1-0"]
[WhiteElo "2503"]
[BlackElo "2330"]
[WhiteFideId "1416928"]
[BlackFideId "7200137"]
[EventDate "2024.12.27"]
[EventType "swiss"]
[EventRounds "7"]
[EventCountry "DEN"]
[SourceTitle "Live v. Obro Skakforening"]

1. e4 g6 2. d4 Bg7 3. Nc3 d6 4. Be3 c6 5. Qd2 b5 6. h4 h5 7. Nf3 b4 8. Nd1 Nf6 9. Ng5 a5 10. a3 bxa3 11. Rxa3 Ng4 12. Bf4 f6 13. Nh3 e5 14. dxe5 Nxe5 15. Ne3 Be6 16. Be2 Qe7 17. O-O O-O 18. Rd1 Bxh3 19. gxh3 Nbd7 20. Qxd6 Qxd6 21. Rxd6 Rfe8 22. Bxe5 Nxe5 23. f4 Nf7 24. Rxc6 Rxe4 25. Rc7 Rf8 26. Bf3 Rxf4 27. Bd5 f5 28. c3 a4 29. Ng2 1-0

[Event "Oebro CXU Nytaar 2024"]
[Site "Copenhagen"]
[Date "2024.12.29"]
[Round "5.4"]
[White "Bank, Pelle Rodkjaer"]
[Black "Zander, Emil"]
[Result "1/2-1/2"]
[WhiteElo "2269"]
[BlackElo "2214"]
[WhiteFideId "1402889"]
[BlackFideId "1467123"]
[EventDate "2024.12.27"]
[EventType "swiss"]
[EventRounds "7"]
[EventCountry "DEN"]
[SourceTitle "Live v. Obro Skakforening"]

1. d4 Nf6 2. Nc3 d5 3. Bf4 c5 4. e3 cxd4 5. exd4 a6 6. h3 e6 7. Nf3 Bd6 8. Qd2 b5 9. Bd3 Nc6 10. O-O O-O 11. Bg5 b4 12. Na4 a5 13. Nb6 Qxb6 14. Bxf6 Be7 15. Bxe7 Nxe7 16. Qg5 Re8 17. Qh5 h6 18. Ne5 Rf8 19. Rad1 Nc6 20. Ng4 f5 21. Nxh6+ gxh6 22. Qg6+ Kh8 23. Qxh6+ Kg8 24. Qg6+ 1/2-1/2

[Event "Oebro CXU Nytaar 2024"]
[Site "Copenhagen"]
[Date "2024.12.29"]
[Round "5.5"]
[White "Gjesme, Marius Enevold"]
[Black "Porte, Henrik"]
[Result "1-0"]
[WhiteElo "2118"]
[BlackElo "2096"]
[WhiteFideId "1466488"]
[BlackFideId "1016326"]
[EventDate "2024.12.27"]
[EventType "swiss"]
[EventRounds "7"]
[EventCountry "DEN"]
[SourceTitle "Live v. Obro Skakforening"]

1. e4 c6 2. d4 d5 3. e5 Bf5 4. h4 h5 5. Bd3 Bxd3 6. Qxd3 e6 7. Bg5 Qb6 8. Nd2 c5 9. c4 Qxb2 10. Rd1 Qxd4 11. Qb3 Qxe5+ 12. Ne2 Qc7 13. cxd5 f6 14. d6 Qd7 15. Ne4 Na6 16. Be3 Rc8 17. Nf4 Kf7 18. Qc2 Rh6 19. Ng5+ fxg5 20. hxg5 Nb4 21. Qb1 Rf6 22. gxf6 Nxf6 23. Qg6+ Kg8 24. Nxh5 Nxh5 25. Rxh5 Nd5 26. Rdxd5 exd5 27. Qh7+ 1-0